000 00937aam a2200361 4500
005 20230627175756.0
008 150409b2016 xxu||||| |||| 00| 0 spa d
020 _a9789873832116
041 _aESP
082 _a005.13 Sz998j3
100 _aSznajdleder, Pablo Augusto
_981577
245 _aJava a fondo: curso de programación
250 _a3 edición
260 _aMéxico
260 _bAlfaomega
260 _c2016
300 _a462 páginas
650 _aINFORMÁTICA
_981578
650 _aJAVA
_981579
650 _aC
_981580
650 _aC++
_981581
650 _aCADENAS
_981582
650 _aJDK
_981583
650 _aPROGRAMACIÓN ORIENTADA A OBJETOS
_981584
650 _aHERENCIA
_981585
650 _aPOLIMORFISMO
_981586
650 _aINTERFACES
_981587
650 _aXML
_981588
650 _aESTRUCTURAS DE DATOS
_981589
650 _aFRAMEWORKS
_981590
650 _aNETWORKING
_981591
942 _cBK
999 _c4443
_d4443